[Event "GCT Paris Blitz 2021"]
[Site "Paris"]
[Date "2021.06.22"]
[Round "13"]
[White "Aronian, Levon"]
[Black "Firouzja, Alireza"]
[Result "1/2-1/2"]
[WhiteElo "2781"]
[BlackElo "2759"]
[Annotator "TA"]
[PlyCount "276"]
[EventDate "2021.06.21"]
[EventType "tourn"]
[EventCountry "FRA"]
[SourceTitle "playchess.com"]
[Source "ChessBase"]
[SourceQuality "1"]

{[%evp 9,276,14,16,14,10,10,14,0,30,17,35,34,36,33,33,33,29,-34,-36,-37,-43,
-31,6,-2,25,12,37,27,56,56,77,65,81,59,75,60,126,51,52,59,64,24,26,6,0,0,46,34,
37,10,37,16,48,22,28,0,0,0,46,46,39,35,47,0,0,0,0,0,0,0,0,0,0,0,0,0,0,0,0,0,0,
0,0,0,0,0,0,-28000,-28000,-28000,-28000,-28000,-28000,-28000,-28000,-28000,
27999,27999,27999,27999,27999,27999,27999,-28000,-28000,-28000,-28000,-28000,
-28000,-28000,-28000,-28000,-28000,-28000,-28000,-28000,-28000,-28000,-28000,
-28000,-28000,-28000,-28000,-28000,-28000,-28000,-28000,-28000,-28000,-28000,
-28000,-28000,-28000,-28000,-28000,-28000,-28000,-28000,-28000,-28000,-28000,
-28000,-28000,-28000,-28000,-28000,-28000,-28000,-28000,-28000,-28000,-28000,
-28000,-28000,-28000,-28000,-28000,-28000,-28000,-28000,-28000,-28000,-28000,
-28000,-28000,-28000,-28000,-28000,-28000,-28000,-28000,-28000,-28000,-28000,
-28000,-28000,-28000,-28000,-28000,-28000,-28000,-28000,-28000,-28000,-28000,
-28000,-28000,-28000,-28000,-28000,-28000,-28000,-28000,-28000,-28000,-28000,
-28000,-28000,-28000,-28000,-28000,-28000,-28000,-28000,-28000,-28000,-28000,
-28000,-28000,-28000,-28000,-28000,-28000,-28000,-28000,-28000,-28000,-28000,
-28000,-28000,-28000,-28000,-28000,-28000,-28000,-28000,-28000,-28000,-28000,
-28000,-28000,-28000,-28000,-28000,-28000,-28000,-28000,-28000,-28000,-28000,
-28000,-28000,-28000,-28000,-28000,-28000,-28000,-28000,-28000,-28000,-28000,
-28000,-28000,-28000,-28000,-28000,-28000,-28000,-28000,-28000,-28000,-28000,
-28000,-28000,-28000,-28000,-28000,-28000,-28000]} 1. d4 Nf6 2. Nf3 d5 3. Bf4
c5 4. e3 cxd4 (4... Nc6 5. Nbd2 Bg4 6. h3 Bxf3 7. Nxf3 e6 8. Be2 Bd6 9. dxc5
Bxf4 10. exf4 Qa5+ 11. c3 Qxc5 12. Bd3 O-O 13. O-O Qd6 14. g3 Rfe8 15. Re1 e5
16. fxe5 Nxe5 17. Nxe5 Rxe5 18. Rxe5 Qxe5 {1/2-1/2 (44) Aronian,L (2781)
-Firouzja,A (2759) chess24.com INT 2021}) 5. exd4 Bf5 6. Nbd2 {B13: Caro-Kann:
Exchange Variation and Panov-Botvinnik Attack.} e6 7. c3 Be7 8. Qb3 {The
position is equal.} Qc8 (8... Nh5 $5 {[%cal Rh5f4]} 9. Be3 (9. Qxb7 Nxf4 10.
Bb5+ Nd7 $11) 9... Qc7 $14) 9. Nh4 {[#]} Bg4 $146 ({Predecessor:} 9... O-O 10.
Nxf5 exf5 11. Be2 Re8 12. Nf1 Nc6 13. Ne3 Bf8 14. O-O Ne7 15. Bg5 Ne4 16. Bxe7
Bxe7 17. Qxd5 {1-0 (56) Woltmann,M-Chunga,J (1982) ICCF email 2012}) 10. h3 Bh5
11. g4 Bg6 12. Nxg6 hxg6 13. g5 (13. Qd1 $11) 13... Nh5 $15 14. Be3 Nc6 15.
O-O-O Qc7 16. Kb1 a6 17. c4 dxc4 18. Nxc4 {Threatens to win with Nb6.} O-O 19.
d5 exd5 20. Nb6 Rad8 21. Nxd5 Qe5 {White must now prevent ...Qe4+.} 22. Rg1 Nb4
23. Nxb4 ({White should play} 23. Nxe7+ $16 Qxe7 24. Bg2) 23... Rxd1+ $14 24.
Qxd1 Bxb4 25. Qc2 Nf4 26. a3 Be7 $36 {[%mdl 2048] Black is more active.} 27.
Rg4 Nd5 28. Bc1 Rd8 29. Bg2 Bf8 30. h4 b6 31. Bf3 Ne7 32. Be4 Nf5 33. Bxf5 Qxf5
(33... gxf5 {seems wilder.} 34. Ra4 Qe6 35. Qc4 Qxc4 36. Rxc4 Bc5) 34. Qxf5
gxf5 $11 {[%mdl 4096] Endgame KRB-KRB} 35. Ra4 Bc5 36. Be3 (36. Rxa6 {feels
hotter.} Bxf2 37. h5 Bd4 38. a4 Bc5 39. Kc2) 36... Bxe3 37. fxe3 {KR-KR} a5 38.
Kc2 g6 39. e4 fxe4 40. Rxe4 Kg7 41. Kc3 Rd5 42. b4 axb4+ 43. Kxb4 Rf5 44. a4 f6
45. Re7+ Kf8 46. Re6 {[%mdl 8192]} (46. gxf6 $11 Rf4+ 47. Ka3) 46... fxg5 47.
hxg5 Rxg5 48. Rxb6 Rg1 49. a5 Kg7 50. a6 Ra1 51. Kb5 g5 52. Rc6 Rb1+ 53. Ka5 $4
{[%mdl 8192]} (53. Kc5 Ra1 54. Kb6) 53... Ra1+ 54. Kb6 $1 Ra4 55. a7 g4 56. Rc4
$4 {[%mdl 8192]} Rxc4 {Mate.} 57. a8=Q {[#] KQ-KR} Rf4 $1 58. Kc5 Kg6 59. Qg8+
Kh5 60. Qh7+ Kg5 61. Kd5 Rf5+ 62. Ke4 Rf4+ 63. Ke5 Rf3 64. Qh8 Rf1 65. Qd8+ Kh5
66. Ke4 Rf3 67. Qh8+ {[#]} Kg5 $1 68. Qh1 Rf4+ 69. Ke5 Rf5+ 70. Ke6 Rf6+ 71.
Ke7 Rf3 72. Qc1+ Kh4 73. Ke6 Kg3 74. Ke5 Kh3 75. Qh6+ Kg3 76. Ke4 Rf2 77. Qd6+
Kh3 78. Ke3 Rf3+ 79. Ke2 Kg2 80. Qh6 Rf2+ 81. Ke3 Rf3+ 82. Ke4 Kg3 83. Qh1 Rf4+
84. Ke5 Rf3 85. Qg1+ Kh3 86. Ke4 Rf8 87. Qh1+ Kg3 88. Qe1+ Kh3 89. Qh1+ Kg3 90.
Qh6 Rf3 91. Qd6+ Kh3 92. Qd1 Kg3 93. Qh1 Rf4+ 94. Ke3 Rf3+ 95. Ke2 Rf2+ 96. Ke1
Rf3 97. Qh6 Rf5 98. Qd6+ Kh3 99. Qg6 Rf3 100. Qh5+ Kg3 101. Qh7 Rf6 102. Qc7+
Kh3 103. Ke2 Rf3 104. Qc5 Kg3 105. Qd4 Kh3 106. Qg1 Rf5 107. Qe3+ Rf3 108. Qg5
Kg3 109. Ke1 Kh3 110. Qh6+ Kg3 111. Qh5 Rf8 112. Qc5 Rf3 113. Qc7+ Kh3 114. Qe5
Kg2 115. Ke2 Kh3 116. Qa1 Kg3 117. Qa4 Kh3 118. Qd7 Kg3 119. Qh7 Rf2+ 120. Ke3
Rf3+ 121. Ke4 Rf4+ 122. Ke5 Rf3 123. Qh1 Rf8 124. Qe1+ Kh3 {( -> ...Re8+)} 125.
Qg1 Rf3 126. Ke4 Rf8 127. Qh1+ Kg3 128. Qe1+ Kh3 129. Qd2 Rf3 130. Qd6 Kg2 131.
Qd1 Kh3 132. Qg1 Rf8 133. Ke3 Rf3+ 134. Ke2 Rf8 135. Qc5 Rf3 136. Qg5 Kg3 137.
Qe5+ Kh3 138. Qd6 Rf5 {[%mdl 32768] Never resign too early!  Weighted Error
Value: White=0.21/Black=0.15. An unexpected result.} 1/2-1/2

[Event "GCT Paris Blitz 2021"]
[Site "Paris"]
[Date "2021.06.22"]
[Round "13"]
[White "Radjabov, Teimour"]
[Black "Caruana, Fabiano"]
[Result "0-1"]
[WhiteElo "2765"]
[BlackElo "2820"]
[Annotator "TA"]
[PlyCount "87"]
[EventDate "2021.06.21"]
[EventType "tourn"]
[EventCountry "FRA"]
[SourceTitle "playchess.com"]
[Source "ChessBase"]
[SourceQuality "1"]

{[%evp 16,87,40,42,48,61,64,39,50,33,43,43,70,67,79,70,74,54,61,36,48,0,0,0,0,
-28,0,-51,-58,-44,50,-57,-58,-133,-135,-136,-28,-18,234,227,325,16,37,37,45,
-111,-105,-233,-232,-237,-220,-466,120,140,503,499,463,463,458,456,456,456,958,
0,0,0,0,0,0,0,0,0,0,0]} 1. Nf3 Nf6 2. b3 g6 3. Bb2 Bg7 4. g3 O-O 5. Bg2 d6 6.
d4 e5 7. dxe5 Ng4 8. O-O Nc6 9. c4 a5 $5 {[%mdl 4] A promising side line. A49:
1 d4 Nf6 2 Nf3 g6 3 g3: Anti-King's Indian systems.} 10. Nc3 Ngxe5 11. Qd2 Re8
{White is slightly better.} 12. Rad1 {[#]} Nxf3+ $146 ({Predecessor:} 12... a4
13. Nxe5 Nxe5 14. c5 axb3 15. axb3 Be6 16. Qc2 Qb8 17. cxd6 cxd6 18. Rd2 Ra6
19. Nd5 Bxd5 20. Bxd5 Rc8 21. Qe4 Re8 {1-0 (45) Tologontegin,S (2398)
-Nugumanov,B (2413) Cheliabinsk 2018}) 13. Bxf3 Nd4 14. Bg2 Bg4 {[%cal Rg4e2]}
15. f3 Bd7 16. e3 Nf5 17. Rfe1 a4 18. f4 axb3 $1 19. axb3 c6 20. Kh1 h5 21. c5
({White should play} 21. e4 $11 Nd4 22. Qf2 Nxb3 23. Rxd6) 21... d5 $15 22. e4
{[#]} Nd4 (22... d4 $1 $15 23. exf5 dxc3 24. Bxc3 Bxf5) 23. exd5 (23. Nxd5 $1
$14 Nxb3 24. Qb4 cxd5 25. Bxg7) 23... Nxb3 24. Qf2 (24. Rxe8+ $1 $15 Qxe8 25.
Qf2) 24... Rxe1+ $17 25. Rxe1 Bd4 (25... Qa5 $1 $17 26. dxc6 bxc6) 26. Qe2 $11
Qa5 $2 {[%mdl 8192]} (26... Bxc5 $2 27. Qc4 $18) (26... h4 $11 {and Black has
nothing to worry.} 27. Qd1 hxg3) 27. Qc4 $18 Bf2 (27... Bxc3 $142 28. Bxc3 Qa4)
28. Rd1 $2 (28. Qxb3 Bxe1 29. Ne4 (29. Qxb7 $2 Bc8 $19) 29... Bf5 $16) (28. Re2
$18) 28... Nxc5 29. dxc6 bxc6 ({But not} 29... Bxc6 $6 30. Bxc6 bxc6 31. Qe2
$18) 30. h3 (30. Qe2 $14 {keeps the upper hand.} Bg4 31. Bf3 (31. Qxf2 Bxd1 32.
Nxd1 Nd3 $11)) 30... Rb8 $17 ({Avoid the trap} 30... Bxg3 $2 31. Nd5 $1 $18 {
[%mdl 512]} (31. Ne4 Nxe4 32. Qd4 Nf2+ 33. Kg1 Nxh3+ 34. Bxh3 Qa7 $16)) 31. Qe2
(31. Ba1 $17 {might work better.} Bf5 32. Kh2) 31... Bxg3 $19 32. Ba1 Bxf4 {
Strongly threatening ...Re8.} 33. Qe7 $2 (33. Ne4 {was the only chance.} Nxe4
34. Qxe4) 33... Bh6 $2 {[#]} ({Black should try} 33... Re8 $19 34. Qh4 Be5) 34.
Nd5 $16 {[%mdl 512]} cxd5 $4 {[%mdl 8192]} (34... Bg7 $16 {is tougher.} 35.
Nf6+ {[%mdl 64] Double Attack} Kh8) 35. Qe5 $18 {[%csl Ga1][%cal Re5h8][%mdl
64] Double Attack} Kh7 36. Qxb8 {[%csl Ga1][%cal Rb8h8]} Bg7 37. Bxg7 Kxg7 38.
Qe5+ {[%mdl 64] Double Attack} f6 (38... Kh7 $142 39. Rxd5 Bxh3) 39. Qxd5 $2 (
39. Qe7+ $18 Kh6 40. Qxf6) 39... Qc3 $36 {[%mdl 2048] Black is more active.The
position is equal.} 40. Qd6 Bf5 41. Qe7+ Kh6 42. h4 {Qf8+ is the strong threat.
} Ne6 43. Qd6 Qe3 44. Qb8 {[%cal Rb8h8][%mdl 32768] Weighted Error Value:
White=0.62/Black=0.67. Loss on time!?} 0-1

[Event "GCT Paris Blitz 2021"]
[Site "Paris"]
[Date "2021.06.22"]
[Round "13"]
[White "Vachier-Lagrave, Maxime"]
[Black "Nepomniachtchi, Ian"]
[Result "0-1"]
[WhiteElo "2760"]
[BlackElo "2792"]
[Annotator "TA"]
[PlyCount "141"]
[EventDate "2021.06.21"]
[EventType "tourn"]
[EventCountry "FRA"]
[SourceTitle "playchess.com"]
[Source "ChessBase"]
[SourceQuality "1"]

{[%evp 14,141,36,42,39,13,0,15,10,3,35,0,0,0,0,0,8,10,2,-18,-7,-12,0,0,0,0,0,0,
0,0,20,0,0,0,0,0,0,0,0,0,17,0,0,0,0,-12,0,0,0,0,0,-8,-8,-8,0,0,0,0,0,0,0,-8,-8,
-8,-8,-8,-8,-8,-8,-8,-8,-8,-8,-8,-8,-8,0,0,0,0,0,-8,-8,-8,-8,-8,-8,-8,-8,-8,-8,
-8,-8,-8,-8,-8,-8,-8,-8,-8,0,0,0,0,0,0,0,0,0,-8,0,-8,-8,-8,-17,-29971,-29971,
-29970,-29970,-29974,-29975,-29974,-29974,-29970,-29970,-29982,-29983,-29981,
-7717,-29986]} 1. e4 e6 2. d4 d5 3. Nc3 Nf6 4. Bg5 dxe4 5. Nxe4 Be7 6. Bxf6
gxf6 7. Nf3 f5 8. Nc3 a6 {C13: French: Classical System: 4 Bg5 Be7,
Alekhine-Chatard Attack.} 9. g3 b5 10. Bg2 Bb7 {The position is equal.} 11. O-O
Bf6 12. Re1 O-O 13. Ne2 c5 $1 14. c3 {[#]} Nd7 $146 ({Predecessor:} 14... cxd4
15. Nexd4 Nd7 16. a4 Qb6 17. Nxf5 Rad8 18. Nh6+ Kh8 19. Qc1 Bg7 20. Ng4 f5 {
1-0 (57) Mohammad Fahad,R (2319)-Erigaisi,A (2559) Chess.com INT 2020}) 15. Nf4
cxd4 16. cxd4 Nb6 17. Nh5 Ra7 18. Nxf6+ Qxf6 19. Ne5 Bxg2 20. Kxg2 Rc7 21. Rc1
Rfc8 22. Rxc7 (22. Rc5 {keeps more tension.} Qe7 23. Qh5 Nd7 24. Rxc7 Rxc7 25.
Nd3) 22... Rxc7 23. Qd2 Qd8 24. Rc1 f6 {...Rxc1 is the strong threat.} 25. Rxc7
Qxc7 26. Nd3 Qd6 (26... Qc6+ {is more complex.} 27. f3 Qc4 28. Nc5 Qxa2 29. Qf4
Nd5) 27. Qf4 (27. Nc5 {with more complications.} e5 28. Qd3 Qd5+ 29. Qf3 Qxd4
30. Nxa6 Qd7 31. Nc5) 27... Qxf4 28. Nxf4 $11 {[%mdl 4096] Endgame KN-KN} Kf7
29. Kf1 e5 30. dxe5 fxe5 31. Nd3 Kf6 32. Nc5 a5 33. Ke2 e4 34. Nb3 Nc4 35. Nd4
Nxb2 36. Nxb5 Nc4 37. Nd4 Ke5 38. Nc6+ Kd5 39. Ne7+ Ke6 40. Nc6 a4 41. Kd1 f4
42. gxf4 Kf5 43. Ke2 Kxf4 44. Nd4 h5 45. Ne6+ Ke5 46. Nc5 a3 {With the idea ...
Kd4.} 47. Nb3 Kf4 48. Nc5 h4 49. h3 Ke5 50. f3 $1 exf3+ 51. Kxf3 Kd4 52. Ne6+
Kc3 53. Nc7 Nd6 {Strongly threatening ...Kb2.} 54. Nd5+ Kb2 55. Nb4 Nb5 {
Threatens to win with ...Nc3.} 56. Ke3 Nc3 57. Kd3 Nd1 {Hoping for ...Nf2+.}
58. Ke2 Nc3+ {[%mdl 64] Double Attack} 59. Kd3 Na4 60. Kd4 Nb6 61. Kc5 Nd7+ 62.
Kd6 Nf6 63. Ke5 {[#]} Ng4+ $1 64. Kf4 $2 {[%mdl 8192] Now White is beyond hope.
} ({Don't go for} 64. hxg4 $2 h3 $19) (64. Kd4 $11) (64. Kd4 Kb1) 64... Nf2 65.
Kg5 Nxh3+ 66. Kxh4 Nf2 67. Kg3 Nd1 68. Kf3 Nc3 69. Ke3 Nxa2 70. Nc6 Nc3 (70...
Nc1 $142 71. Nb4 Kc3 72. Nd5+ Kb3 73. Nf4 a2 74. Nh5 a1=Q 75. Ke4 {[#]} Nd3 $1
{[%mdl 512]} 76. Kf5 Qe5+ 77. Kg6 Nf4+ 78. Nxf4 Qxf4 79. Kh7 Kc4 80. Kg7 Qg5+
81. Kf8 Kd5 82. Ke8 Qg7 83. Kd8 Kd6 84. Ke8 Qg8#) 71. Kd4 {Weighted Error
Value: White=0.02/Black=0.02} 0-1

[Event "GCT Paris Blitz 2021"]
[Site "Paris"]
[Date "2021.06.22"]
[Round "13"]
[White "Svidler, Peter"]
[Black "So, Wesley"]
[Result "1/2-1/2"]
[WhiteElo "2714"]
[BlackElo "2770"]
[Annotator "TA"]
[PlyCount "84"]
[EventDate "2021.06.21"]
[EventType "tourn"]
[EventCountry "FRA"]
[SourceTitle "playchess.com"]
[Source "ChessBase"]
[SourceQuality "1"]

{[%evp 9,84,18,29,27,31,25,20,29,31,13,26,16,25,34,47,26,44,23,48,8,60,17,29,
16,7,7,45,56,51,40,40,49,58,51,58,-73,-73,-62,45,0,0,0,0,0,0,0,0,0,0,0,0,0,0,0,
0,0,0,0,0,0,0,0,0,0,0,0,0,0,0,0,0,0,0,0,0,0,0]} 1. c4 e5 2. g3 Nf6 3. Bg2 c6 4.
Nf3 e4 5. Nd4 Qb6 6. Nb3 {A20: English Opening: 1...e5.} a5 {[#] White must
now prevent ...a4.} 7. d3 a4 8. N3d2 Bc5 9. O-O e3 10. fxe3 Bxe3+ 11. Kh1 Ng4
12. Nc3 O-O 13. Nde4 d5 14. cxd5 Bxc1 (14... Rd8 $11) 15. Qxc1 $14 Ne3 16. Rf3
{[#]} Nxd5 $146 ({Predecessor:} 16... Nxg2 17. Kxg2 Qd8 18. Qg5 f6 19. Nxf6+
Rxf6 20. Ne4 Nd7 21. Raf1 Kh8 22. Nxf6 Nxf6 {1/2-1/2 (36) So,W (2776)-Caruana,
F (2818) Saint Louis 2019}) 17. Qd2 Nd7 18. Nxd5 cxd5 19. Nc3 Nf6 20. Raf1 {
[#] Hoping for Rxf6!} Be6 {next ...d4 is good for Black.} 21. Rxf6 gxf6 22.
Nxd5 (22. Rxf6 $14 {keeps the upper hand.} Qd4 23. Rf4) 22... Bxd5 $17 23. Bxd5
{Threatens to win with Qh6.} Kh8 ({Black should try} 23... Qa5 $1 $15 24. Qxa5
Rxa5) 24. Be4 {Qh6! is the strong threat.} Rg8 {The position is equal.} 25. Qh6
{[%csl Ge4][%cal Rh6h7]} Rg7 26. Qxf6 Qxf6 27. Rxf6 $11 {[%mdl 4096] Endgame
KRR-KRB} Ra6 28. Rf4 Rb6 29. Bf3 Rxb2 30. Rxa4 Rg6 31. Ra7 Ra6 32. Rxb7 Rxb7
33. Bxb7 Rxa2 {KR-KB} 34. Bf3 Kg7 35. Kg2 Kf6 36. Kf2 Ke5 37. Ke3 Ra3 38. Be4
h6 39. Bf3 f5 40. Bg2 Rb3 41. Bf3 Ra3 42. Bg2 Rb3 {Weighted Error Value:
White=0.10/Black=0.10} 1/2-1/2

[Event "GCT Paris Blitz 2021"]
[Site "Paris"]
[Date "2021.06.22"]
[Round "14"]
[White "Caruana, Fabiano"]
[Black "Vachier-Lagrave, Maxime"]
[Result "1/2-1/2"]
[WhiteElo "2820"]
[BlackElo "2760"]
[Annotator "TA"]
[PlyCount "111"]
[EventDate "2021.06.21"]
[EventType "tourn"]
[EventCountry "FRA"]
[SourceTitle "playchess.com"]
[Source "ChessBase"]
[SourceQuality "1"]

{[%evp 9,111,8,14,10,5,6,18,13,17,14,13,1,15,0,0,10,8,1,25,0,1,0,10,0,0,-30,
-29,-38,-18,-37,-47,-46,-43,-47,-13,-20,-15,-27,-15,-18,-16,-25,-23,-31,0,0,0,
0,0,0,0,0,14,14,14,20,18,0,16,16,19,0,0,0,0,0,0,0,0,0,0,0,0,0,0,0,0,0,0,0,0,0,
0,0,0,0,0,-8,-8,-8,-8,-8,0,0,0,0,0,0,0,0,0,0,0,0]} 1. Nf3 Nf6 2. b3 g6 3. Bb2
Bg7 4. g3 b6 5. Bg2 Bb7 6. O-O {A05: Réti Opening: 1 Nf3 Nf6.} O-O 7. d4 c5 {
7...d5 is the fancy move.} 8. e3 d5 9. Qe2 Nbd7 10. Nbd2 {[#]} e6 $146 ({
Predecessor:} 10... Rc8 11. c4 dxc4 12. bxc4 e6 13. a4 Ne4 14. Nxe4 Bxe4 15.
Rfd1 Qe7 16. a5 Rfd8 {1/2-1/2 (56) Caruana,F (2820)-Nepomniachtchi,I (2792)
chess24.com INT 2021}) 11. c4 Qe7 12. Rfd1 Rfd8 13. Rac1 a5 14. dxc5 Nxc5 15.
Bd4 Nfe4 16. Bxg7 Kxg7 17. Nxe4 dxe4 18. Ne1 f5 19. Rxd8 Rxd8 20. Rd1 e5 21. h4
h5 22. Bf1 Kf6 23. Qc2 Rxd1 24. Qxd1 Qd7 25. Qc2 Qd6 26. Be2 f4 27. exf4 {
The position is equal.} exf4 28. gxf4 Qxf4 29. Qc3+ Qe5 30. Qe3 Bc8 31. Ng2 Kf7
32. Nf4 Be6 33. Kg2 Qf6 34. Qg3 Nd7 35. Nxe6 Kxe6 36. a3 Ne5 37. b4 axb4 38.
axb4 Qd8 39. c5 bxc5 40. bxc5 Qd5 41. Qe3 Nd7 42. f3 Nxc5 43. fxe4 Nxe4 44. Bd3
Ke5 45. Bc2 Qc4 46. Bd3 Qa2+ 47. Kf3 Qf7+ 48. Kg2 Qf4 49. Qxf4+ Kxf4 $11 {
[%mdl 4096] Endgame KB-KN} 50. Bb1 g5 51. Bxe4 Kxe4 52. hxg5 {[#] White
threatens g6 and mate.} Kf5 53. g6 Kxg6 54. Kh3 Kf7 (54... h4 $5) 55. Kh4 Ke7
56. Kxh5 {Weighted Error Value: White=0.04/Black=0.05} 1/2-1/2

[Event "GCT Paris Blitz 2021"]
[Site "Paris"]
[Date "2021.06.22"]
[Round "14"]
[White "Nepomniachtchi, Ian"]
[Black "Svidler, Peter"]
[Result "1-0"]
[WhiteElo "2792"]
[BlackElo "2714"]
[Annotator "TA"]
[PlyCount "67"]
[EventDate "2021.06.21"]
[EventType "tourn"]
[EventCountry "FRA"]
[SourceTitle "playchess.com"]
[Source "ChessBase"]
[SourceQuality "1"]

{[%evp 18,67,50,48,56,15,58,55,59,53,90,86,77,86,79,20,61,59,61,66,56,57,62,58,
58,57,58,58,62,58,65,58,66,72,68,79,121,131,132,130,256,257,267,267,263,258,
958,965,958,941,708,654]} 1. c4 {Schwartzman,G} g6 2. Nf3 Bg7 3. g3 c5 4. Bg2
Nc6 5. Nc3 d6 6. O-O Bd7 7. e3 Nf6 8. d4 O-O 9. b3 a6 10. Bb2 Rb8 {A38:
Symmetrical English vs ...g6: 4 Bg2 Bg7 5 Nf3 Nf6.} 11. Qe2 Bg4 12. dxc5 dxc5 {
White is slightly better.} 13. h3 {[#]} Bd7 $146 ({Predecessor:} 13... Bf5 14.
Rfd1 Qc8 15. Kh2 Rd8 16. Nd5 Be4 17. Nxf6+ Bxf6 18. Bxf6 exf6 19. Ne1 Rxd1 20.
Rxd1 {1/2-1/2 (36) Schwartzman,G (2500)-Wojtkiewicz,A (2555) Wijk aan Zee 1994
CBM 040 [Schwartzman,G]}) 14. Rfd1 Qc7 15. Nd5 Nxd5 16. Bxg7 ({White should try
} 16. cxd5 $16 Ne5 17. Ne1) 16... Kxg7 17. cxd5 Ne5 18. Qb2 f6 19. Nxe5 Qxe5
20. Qxe5 fxe5 21. d6 $36 {[%mdl 2048] White is pushing.} e6 22. Rac1 Rfc8 23.
Rc3 b5 24. Rdc1 Rb6 25. Rxc5 Rxc5 26. Rxc5 $14 {[%mdl 4096] Endgame KRB-KRB}
Kf6 {[#]} 27. f4 $1 {[%cal Rf4e5]} exf4 {[#]} 28. e4 $1 {[%cal Re4e5] Strongly
threatening e5+.} ({Much worse is} 28. exf4 $6 Rxd6 29. Rc2 e5 $11) 28... fxg3
(28... e5 $16) 29. e5+ $18 Kf5 {With the idea ...Rb8.} 30. Rc7 Kxe5 31. Rxd7
Rxd6 $2 (31... g5 32. Rg7 (32. Rxh7 Rxd6 33. Ra7 Kf4 $18) 32... Rxd6 33. Rxg5+
{[%mdl 64] Double Attack} Kf4 34. Rg4+ Ke5 35. Rxg3 Rd2) 32. Rxd6 {White is
clearly winning.} Kxd6 33. b4 Kc7 34. Be4 {Weighted Error Value: White=0.07/
Black=0.22} 1-0

[Event "GCT Paris Blitz 2021"]
[Site "Paris"]
[Date "2021.06.22"]
[Round "14"]
[White "So, Wesley"]
[Black "Aronian, Levon"]
[Result "1-0"]
[WhiteElo "2770"]
[BlackElo "2781"]
[Annotator "TA"]
[PlyCount "49"]
[EventDate "2021.06.21"]
[EventType "tourn"]
[EventCountry "FRA"]
[SourceTitle "playchess.com"]
[Source "ChessBase"]
[SourceQuality "1"]

{[%evp 12,49,21,8,12,14,14,14,25,14,14,21,29,0,0,0,0,-75,-69,-79,-22,-25,-24,
-31,-27,-15,-30,-16,36,25,129,144,876,869,1079,713,1064,1064,978,970]} 1. d4
Nf6 2. c4 e6 3. Nf3 d5 4. Nc3 Bb4 5. Qa4+ Nc6 6. e3 O-O 7. Bd2 dxc4 {D38:
Queen's Gambit Declined: Ragozin Defence (4 Nf3 Bb4).} 8. Bxc4 Bd6 9. Qc2 {
The main line 9.Qc2 scores better than 9.Nb5.} e5 {The position is equal.} 10.
dxe5 Nxe5 11. Nxe5 Bxe5 12. f4 (12. O-O-O Qe7 13. Kb1 Be6 14. Bxe6 Qxe6 15. f3
Rad8 16. e4 Rd7 17. Bc1 Rfd8 18. Rxd7 Qxd7 19. Ne2 c6 20. Be3 Bc7 21. Rc1 Bb6 {
1/2-1/2 (30) So,W (2770)-Aronian,L (2781) Bucharest 2021}) 12... Bxc3 13. Bxc3
Qe7 14. O-O-O (14. O-O $11) 14... Qxe3+ $17 15. Kb1 {[#]} Qxf4 $146 (15... Bg4
$17 16. Rde1 Qxf4) ({Predecessor:} 15... Qc5 16. Bd3 Bg4 17. Rde1 Rad8 18. h3
Be6 19. g4 Bxa2+ 20. Kc1 Qd6 21. Re3 Nd5 22. Bxh7+ Kh8 23. Rd3 Qh6 24. Be5 Nxf4
25. Rxd8 Rxd8 {0-1 (25) Kunin,V (2586)-Abasov,N (2561) Zuerich 2016}) 16. Bd3
$1 $11 Be6 17. Rhf1 Qh6 ({Avoid the trap} 17... Qxh2 $2 18. Rh1 $18) 18. Bxf6
gxf6 19. Qxc7 Bd5 (19... b6 $1 $11) 20. Bf5 $14 {[%mdl 1024] White has
compensation.} Bc6 {[#]} (20... Be6 $1 $11) 21. Rd3 $1 $36 {[%cal Rd3h3,Bd1d3,
Bd3g3,Bg3e3][%mdl 2080] Strongly threatening Rh3. White is in control.} Rfe8 $2
{[%mdl 8192] [#] This move loses the game for Black.} (21... Rae8 $16) 22. Rg3+
$1 $18 {White is clearly winning.} Kf8 23. Qd6+ Re7 24. Re1 {[%csl Ge1][%cal
Rd6e7]} Rae8 25. Rge3 {Weighted Error Value: White=0.11/Black=0.28} 1-0